Normal view
MARC view
- Louis E. Boone & D. L. Kurtz
Entry Personal Name
001 - CONTROL NUMBER
- control field: 3591
003 - CONTROL NUMBER IDENTIFIER
- control field: OSt
005 - DATE AND TIME OF LATEST TRANSACTION
- control field: 20201007133738.0
008 - FIXED-LENGTH DATA ELEMENTS
- fixed length control field: 201007|| aca||aabn | a|a d
040 ## - CATALOGING SOURCE
- Original cataloging agency: OSt
- Transcribing agency: OSt
100 ## - HEADING--PERSONAL NAME
- Personal name: Louis E. Boone & D. L. Kurtz
670 ## - SOURCE DATA FOUND
- Source citation: Work cat.: (OSt)1067: Louis E. Boone & D. L. Kurtz, Contemporary Business, 1996
